01223 2200337 4500001002100000005001500021035002000036007000300056008004100059020002200100040002200122082001400144084001600158090002000174090002200194100003900216245018300255250003100438300005800469650002700527700002900554850001200583041000800595504002500603264003600628336002100664337003000685338002300715246012500738990002200863INLIS00000000084796420190529104752 a0010-0519001299ta190529 2018 yoia g ind d a978-602-475-497-6 aYOPDYOGbinderda04223a621.3 a621.3 CHA s aDEP 621.3 CHA s aCB-D.11 2018-25960 aCharles Soetyono Iskandarepenulis10aSistem listrik tenaga surya disain, dan operasion instalasi ikhtisar untuk membangun Makassar Sulawesi Selatan Indonesia /cpenulis, Charles Soetyono Iskandar dan Nurlaela Latief aCetakan Pertama: Juli 2018 aviii, 106 halaman :bilustrasi, foto, gambar ;c29 cm 4aTenaga listrik, sistem0 aNurlaela Latiefepenulis aYOPDYOG0 aind aTermasuk bibliografi31aYogyakarta :bDeepublish,c2018 2rdacontentateks 2rdamediaatanpa perantara 2rdacarrieravolume23aSistem listrik tenaga surya desain, dan operasion instalasi ikhtisar untuk membangun Makassar Sulawesi Selatan Indonesia aCB-D.11/2018-2596